Central Library || Chittagong University

বিশ্বের প্রধান প্রধান ধর্ম / (Record no. 105431)

MARC details
000 -LEADER
fixed length control field 00734nam a22001937a 4500
003 - CONTROL NUMBER IDENTIFIER
control field BD-ChCU
005 - DATE AND TIME OF LATEST TRANSACTION
control field 20250115133411.0
008 - FIXED-LENGTH DATA ELEMENTS--GENERAL INFORMATION
fixed length control field 250115b bg ||||| |||| 00| 0 ben d
020 ## - INTERNATIONAL STANDARD BOOK NUMBER
International Standard Book Number 9847013102063
040 ## - CATALOGING SOURCE
Transcribing agency BD-ChCU
082 ## - DEWEY DECIMAL CLASSIFICATION NUMBER
Edition number ২২
Classification number ২০০ খলি ৬ বি
100 ## - MAIN ENTRY--PERSONAL NAME
Personal name খলিল, মোঃ ইব্রাহীম
9 (RLIN) 7469
245 ## - TITLE STATEMENT
Title বিশ্বের প্রধান প্রধান ধর্ম /
Statement of responsibility, etc. মোঃ ইব্রাহীম খলিল
250 ## - EDITION STATEMENT
Edition statement ২ সং
260 ## - PUBLICATION, DISTRIBUTION, ETC.
Place of publication, distribution, etc. ঢাকা :
Name of publisher, distributor, etc. মেরিট ফেয়ার প্রকাশন,
Date of publication, distribution, etc. c২০১৩
300 ## - PHYSICAL DESCRIPTION
Extent ৪৫৩পৃ. :
Dimensions ২২ সে.মি.
650 #0 - SUBJECT ADDED ENTRY--TOPICAL TERM
Topical term or geographic name entry element ধর্ম
9 (RLIN) 7470
942 ## - ADDED ENTRY ELEMENTS (KOHA)
Source of classification or shelving scheme Dewey Decimal Classification
Koha item type Books
Suppress in OPAC No
Holdings
Withdrawn status Lost status Source of classification or shelving scheme Damaged status Not for loan Home library Current library Date acquired Source of acquisition Total Checkouts Full call number Barcode Date last seen Copy number Price effective from Koha item type Total Renewals Date last checked out
    Dewey Decimal Classification     Chittagong University Library Chittagong University Library 01/15/2025 ক্রয়কৃত   ২০০ খলি ৬ বি 318743 01/15/2025 ক-১ 01/15/2025 Books    
    Dewey Decimal Classification     Chittagong University Library Chittagong University Library 01/15/2025 ক্রয়কৃত 1 ২০০ খলি ৬ বি 331119 12/03/2025 ক-২ 01/15/2025 Books 2 08/18/2025
    Dewey Decimal Classification     Chittagong University Library Chittagong University Library 01/15/2025 ক্রয়কৃত   ২০০ খলি ৬ বি 331120 01/15/2025 ক-৩ 01/15/2025 Books    
    Dewey Decimal Classification     Chittagong University Library Chittagong University Library 01/15/2025 ক্রয়কৃত   ২০০ খলি ৬ বি 331121 01/15/2025 ক-৪ 01/15/2025 Books    
© Copyright 2026. Chittagong University Library, Installation and Maintenance by Prof. Dr. Md. Alamgir, 01711306253